Les codes et les lois spéciales les plus usuelles en vigueur en Belgique

Сохранить в:
Библиографические подробности
Главные авторы: Servais, Jean (Автор), Mechelynck, E (Автор), Servais, Paul (Автор)
Формат:
Язык:французский
Опубликовано: Bruselas Emile Bruylant 1928
Предметы:
Метки: Добавить метку
Нет меток, Требуется 1-ая метка записи!

MARC

LEADER 00000nam a2200000 a 4500
001 UCS1752
003 CL-VaPUC
008 970515e19280000BE |||||||||||||||||fre|d
082 0 4 |a 346.493  |b SER  |2 21 
100 0 |a Servais, Jean  |e author  |9 386489 
700 0 |a Mechelynck, E  |e author  |9 386490 
700 0 |a Servais, Paul  |e author  |9 386491 
245 1 4 |a Les codes et les lois spéciales les plus usuelles en vigueur en Belgique 
300 |a 1950 p 
942 |c BK 
945 |d 19970515 00:00:00  |a paguirre 
260 |a Bruselas  |b Emile Bruylant  |c 1928 
650 0 |a Derecho civil  |9 255013 
650 0 |a Códigos  |9 352314 
650 0 |a Procedimiento civil  |9 254870 
650 0 |a Derecho comercial   |9 256340 
650 7 |a DERECHO PENAL  |2 CL-VaPUC  |9 11 
651 7 |a BELGICA  |2 CL-VaPUC  |9 315122 
583 |a last modification  |c 19970515 00:00:00  |k Rodrigo Vera 
999 |c 259784  |d 259782 
952 |0 0  |1 0  |4 0  |6 346_493000000000000_SER_1928  |7 0  |8 A  |9 285107  |a BIBDER  |b BIBDER  |d 2019-11-19  |i 185061K  |o 346.493 SER 1928  |p 185061K  |r 2023-01-25  |w 2019-11-19  |y BK  |k DER